000 00825nam a2200265Ia 4500
003 OSt
005 20220918171115.0
006 a|||||r|||| 00| 0
007 ta
008 220917b |||||||| |||| 00| 0 eng d
020 _a9781138855687 (pbk)
_cUKP 29.99
024 _a318,514
037 _bIN/2016-17/956, 06/03/2017, Selectbook Service Syndicate
_cTextual
040 _aARTS
_cARTS
_beng
041 _2eng
_aeng
082 _aY15.5'J, Q6
100 _aWard Jennifer Au.
_934126
245 0 _aWomen in medieval Europe 1200-1500
250 _a2nd
260 _aLondon
_bRoutledge UK
_c2016
300 _a299p.
_ccm.
650 _aWOMEN - HISTORY
_934127
942 _hY15.5'J, Q6
_cTEXL
_2CC
999 _c137884
_d137884